| 000 | 01708nam a2200373 i 4500 | ||
|---|---|---|---|
| 001 | 000006699 | ||
| 003 | OSt | ||
| 005 | 20240307073944.0 | ||
| 007 | ta | ||
| 008 | 090902s2004 dr a r 000 0 spa d | ||
| 020 | _a999347746X | ||
| 040 |
_aDO-SdBNP _bspa _cBNPHU _erda |
||
| 082 | 4 |
_a610.97293 _bP592b _222 |
|
| 100 | 1 |
_aPichardo, Alejandro _9238 _eautor |
|
| 245 | 1 | 0 |
_aBosquejo histórico de la medicina : _bdiscurrir de la educación médica en República Dominicana / _cAlejandro Pichardo ; prólogo Fernando Sánchez Martínez. |
| 264 |
_aSanto Domingo : _bUniversitaria - UASD, _c2004 |
||
| 300 |
_a396 páginas : _bilustraciones ; _c21 cm. |
||
| 336 |
_atexto _btxt _2rdacontent |
||
| 337 |
_asin mediación _bn _2rdamedia |
||
| 338 |
_avolumen _bnc _2rdacarrier |
||
| 490 | 0 |
_aPublicaciones de la Universidad Autónoma de Santo Domingo _v951 |
|
| 490 | 0 |
_aSalud y sociedad _v42 |
|
| 500 | _aEn la portada: "Una ojeada al transcurrir social de un arte estrechamente ligado al origen de la vida humana y a su lucha permanente para aliviar el sufrimiento mediante la preservación y rehabilitación de la salud y la prevención y curación de la enfermedad " | ||
| 500 | _aIncluye datos biográficos del autor | ||
| 504 | _aIncluye referencias bibliográficas y notas al pie de las páginas | ||
| 504 | _aBibliografía: p. 389-396 | ||
| 590 | _aInventariado,2018/DG | ||
| 650 | 4 |
_aMedicina _zRepública Dominicana _xHistoria _918658 |
|
| 650 | 4 |
_aMedicina _xEnseñanza _zRepública Dominicana _918192 |
|
| 700 | 1 | 2 |
_aSánchez Martínez, Fernando, _eprólogo _97183 |
| 710 | 1 | 2 |
_aUniversidad Autónoma de Santo Domingo _972951 |
| 910 | _aValidado. Control de calidad. MMOLINA | ||
| 942 |
_2ddc _cLBS1 |
||
| 999 |
_c6488 _d6488 |
||